[Event "24th ECh U20"]
[Site "Siofok HUN"]
[Date "1996.??.??"]
[Round "2"]
[White "Avdic, Adnan"]
[Black "Del Rio Angelis, Salvador Gabriel"]
[Result "1/2-1/2"]
[WhiteElo "2090"]
[BlackElo "2325"]
[EventDate "1996.08.30"]
[PlyCount "97"]

1.e4 e6 2.d4 d5 3.Nd2 c5 4.Ngf3 Nc6 5.exd5 exd5 6.dxc5 Bxc5 7.Nb3 Bb6 8.c3
Nf6 9.Be2 O-O 10.O-O Qd6 11.Re1 Bg4 12.Nfd4 Bxe2 13.Rxe2 Ng4 14.g3 Qg6 15.
Bf4 Qh5 16.f3 Nf6 17.Kg2 Rfe8 18.g4 Qg6 19.Nf5 Rxe2+ 20.Qxe2 Re8 21.Qd2 
Nh5 22.Bg3 Nxg3 23.Nxg3 Re5 24.Re1 Qe6 25.Re2 Kf8 26.f4 Be3 27.f5 Bxd2 28.
fxe6 Be1 29.Rxe5 Nxe5 30.Nd4 Nxg4 31.Ngf5 fxe6 32.Nxe6+ Kf7 33.Nc7 Nf6 34.
Ne3 Bd2 35.Nexd5 Nxd5 36.Nxd5 Bc1 37.b3 Ke6 38.c4 Ke5 39.Kf3 Kd4 40.Nc7 
Kc3 41.Nb5+ Kb2 42.Nxa7 Kxa2 43.c5 Kxb3 44.c6 bxc6 45.Nxc6 Kc4 46.Ke4 Kc5 
47.Nd4 Bb2 48.Ne6+ Kd6 49.Nxg7 1/2-1/2

[Event "24th ECh U20"]
[Site "Siofok HUN"]
[Date "1996.??.??"]
[Round "3"]
[White "Parker, Jonathan"]
[Black "Ponomariov, Ruslan"]
[Result "1-0"]
[WhiteElo "2470"]
[BlackElo "2550"]
[EventDate "1996.08.30"]
[PlyCount "117"]

1.d4 d5 2.c4 e6 3.Nf3 c5 4.cxd5 exd5 5.g3 Nf6 6.Bg2 Be7 7.O-O O-O 8.Nc3 
Nc6 9.Bg5 cxd4 10.Nxd4 h6 11.Be3 Re8 12.Rc1 Bg4 13.h3 Be6 14.Na4 Ne5 15.b3
Bd7 16.Nc5 Bxc5 17.Rxc5 Ne4 18.Rc2 Rc8 19.Kh2 Qa5 20.f3 Nf6 21.Rxc8 Rxc8 
22.Qd2 Qa3 23.Rc1 Rxc1 24.Qxc1 Qxa2 25.Qc7 Ng6 26.Qxb7 a5 27.Qa6 a4 28.
bxa4 Qxa4 29.Qxa4 Bxa4 30.Bd2 Ne5 31.Bc3 Bd1 32.Kg1 Kh7 33.Nf5 Ned7 34.Kf2
h5 35.h4 Bb3 36.Bh3 Ba4 37.Ne7 Bb3 38.Nf5 Ba4 39.Ne7 Bb3 40.Ke3 Nc5 41.
Bxf6 gxf6 42.Bf5+ Kg7 43.Nc6 Bc4 44.Bd3 Bb3 45.Nd4 Ba2 46.Kd2 Nb3+ 47.Kc3 
Nxd4 48.Kxd4 Bb3 49.f4 Kf8 50.e3 Kg7 51.Be2 Kg6 52.Bf3 Ba2 53.f5+ Kh6 54.
Bxd5 Bb1 55.Be4 Ba2 56.Bc2 Kg7 57.e4 Kh6 58.Kc3 Kg7 59.Bd3 {[#]} 1-0

[Event "24th ECh U20"]
[Site "Siofok HUN"]
[Date "1996.??.??"]
[Round "3"]
[White "Shariazdanov, Andrei"]
[Black "Nisipeanu, Liviu-Dieter"]
[Result "1/2-1/2"]
[WhiteElo "2470"]
[BlackElo "2500"]
[EventDate "1996.08.30"]
[PlyCount "83"]

1.d4 Nf6 2.c4 c5 3.d5 b5 4.cxb5 a6 5.bxa6 Qb6 6.Nc3 d6 7.e4 g6 8.Be2 Bg7 
9.Nf3 O-O 10.O-O Bg4 11.Nd2 Bxe2 12.Qxe2 Nbd7 13.Nc4 Qc7 14.Bd2 Rfe8 15.
Rab1 e6 16.dxe6 Rxe6 17.Qd3 Rae8 18.f3 Nb6 19.Nxb6 Qxb6 20.Kh1 Rb8 21.Rfd1
Nd7 22.Nd5 Ne5 23.Qc2 Qd8 24.Bc3 Qh4 25.Be1 Qd8 26.b4 c4 27.Bc3 Nd3 28.
Bxg7 Kxg7 29.Qc3+ Kg8 30.Rd2 Rc8 31.a4 f5 32.h3 Re5 33.Rbd1 fxe4 34.fxe4 
Qf8 35.Kg1 Rxd5 36.exd5 Qe8 37.Qd4 Qxa4 38.Rf1 Ne5 39.Rdf2 Qxb4 40.Qh4 Qc5
41.Qe7 Nd3 42.Qe6+ 1/2-1/2

[Event "24th ECh U20"]
[Site "Siofok HUN"]
[Date "1996.??.??"]
[Round "3"]
[White "Diachkov, Sergei"]
[Black "Chytilek, Roman"]
[Result "1-0"]
[WhiteElo "2515"]
[BlackElo "2340"]
[EventDate "1996.08.30"]
[PlyCount "95"]

1.c4 c5 2.Nf3 Nf6 3.Nc3 b6 4.g3 Bb7 5.Bg2 e6 6.O-O Be7 7.d4 cxd4 8.Qxd4 d6
9.b3 O-O 10.Rd1 a6 11.e4 Nbd7 12.Ba3 Nc5 13.e5 dxe5 14.Qxd8 Rfxd8 15.Nxe5 
Bxg2 16.Kxg2 Rdc8 17.Na4 Rab8 18.Bxc5 Bxc5 19.Nxc5 Rxc5 20.f4 Rc7 21.Kf3 
Ne8 22.Rd7 Rbc8 23.Rad1 f6 24.Ng4 Rxd7 25.Rxd7 Rc7 26.Rxc7 Nxc7 27.Ke3 Kf7
28.Kd4 a5 29.Nf2 Ke7 30.a3 Kd6 31.Ne4+ Kc6 32.b4 axb4 33.axb4 b5 34.Nc3 
bxc4 35.Kxc4 Ne8 36.b5+ Kb6 37.Na4+ Ka5 {[#]} 38.b6 Kxa4 39.Kc5 Ka5 40.b7 
Nc7 41.Kd6 Na6 42.Kxe6 Kb6 43.Kf7 Kxb7 44.Kxg7 Kc6 45.Kxh7 Kd6 46.h4 Nc5 
47.h5 Ke7 48.Kg8 1-0

[Event "24th ECh U20"]
[Site "Siofok HUN"]
[Date "1996.??.??"]
[Round "3"]
[White "Zifroni, Dov"]
[Black "Sirigos, Nikolaos"]
[Result "1-0"]
[WhiteElo "2490"]
[BlackElo "2290"]
[EventDate "1996.08.30"]
[PlyCount "75"]

1.Nf3 Nf6 2.g3 d5 3.Bg2 g6 4.c4 c6 5.Qa4 Bg7 6.cxd5 Nxd5 7.O-O O-O 8.d4 
Nb6 9.Qc2 Bf5 10.e4 Bg4 11.Ne5 Be6 12.Rd1 N8d7 13.Nf3 Bg4 14.Nbd2 c5 15.d5
e5 16.h3 Bxf3 17.Nxf3 Nc8 18.d6 Re8 19.Bg5 Qb6 20.Qa4 Qc6 21.Qxc6 bxc6 22.
h4 f6 23.Bh3 Ncb6 24.Be3 Rad8 25.Rac1 Bf8 26.Kf1 c4 27.Ke2 Kf7 28.Nd2 Bxd6
29.Nxc4 Be7 30.Nxb6 Nxb6 31.Rxc6 Rxd1 32.Be6+ Kg7 33.Kxd1 Bd8 34.b3 Re7 
35.a4 Rc7 36.Rxc7+ Bxc7 37.a5 Na8 38.Bd5 1-0

[Event "24th ECh U20"]
[Site "Siofok HUN"]
[Date "1996.??.??"]
[Round "3"]
[White "Macionis, Andrius"]
[Black "Gyimesi, Zoltan"]
[Result "1/2-1/2"]
[WhiteElo "2295"]
[BlackElo "2480"]
[EventDate "1996.08.30"]
[PlyCount "61"]

1.e4 e5 2.Nf3 Nc6 3.Bb5 a6 4.Ba4 Nf6 5.d3 d6 6.c3 g6 7.Nbd2 Bg7 8.Nf1 O-O 
9.Qe2 b5 10.Bb3 Na5 11.Bc2 c5 12.Ng3 Qc7 13.O-O Bb7 14.Ng5 h6 15.Nh3 c4 
16.f4 cxd3 17.Bxd3 exf4 18.Bxf4 Rae8 19.Bxh6 Nxe4 20.Nxe4 Bxe4 21.Bxg7 
Bxd3 22.Qxd3 Kxg7 23.Qd4+ f6 24.Rad1 Nc4 25.Rf2 Ne3 26.Qxd6 Qxd6 27.Rxd6 
Ng4 28.Rf1 g5 29.Rd2 Ne5 30.b3 Rc8 31.Rc1 1/2-1/2

[Event "24th ECh U20"]
[Site "Siofok HUN"]
[Date "1996.??.??"]
[Round "3"]
[White "Krakops, Maris"]
[Black "Zulfugarli, Mahomed"]
[Result "0-1"]
[WhiteElo "2440"]
[BlackElo "2325"]
[EventDate "1996.08.30"]
[PlyCount "106"]

1.e4 e5 2.Nf3 Nc6 3.Bb5 a6 4.Ba4 Nf6 5.O-O Be7 6.Re1 b5 7.Bb3 d6 8.c3 O-O 
9.h3 Nd7 10.d4 Bf6 11.a4 Bb7 12.Na3 Nb6 13.d5 Ne7 14.axb5 axb5 15.Be3 c6 
16.dxc6 Bxc6 17.Bxb6 Qxb6 18.Qxd6 Rfd8 19.Qb4 Qb7 20.Qc5 Ng6 21.Qe3 Rd7 
22.Rad1 Rxd1 23.Bxd1 Bd8 24.g3 Bb6 25.Qe2 Bc5 26.Nb1 Rd8 27.Bb3 h6 28.Nbd2
Kh8 29.Bc2 Qc8 30.Kg2 Bd7 31.Ng1 Qb7 32.Ngf3 Bc6 33.b4 Bb6 34.h4 f6 35.h5 
Ne7 36.Nf1 Be8 37.g4 Qc8 38.Ne3 Bxe3 39.Qxe3 Qxg4+ 40.Kf1 Qh3+ 41.Kg1 Bxh5
42.Nh2 Qe6 43.Bd3 Qc6 44.Rc1 Bf7 45.Qe2 Rb8 46.Qe3 Ng6 47.Qa7 Rb7 48.Qc5 
Qd7 49.Ra1 Nf4 50.Bf1 Kh7 51.Ra5 Bc4 52.Bxc4 bxc4 53.Qxc4 Qh3 0-1

[Event "24th ECh U20"]
[Site "Siofok HUN"]
[Date "1996.??.??"]
[Round "3"]
[White "Ruck, Robert"]
[Black "Zavoronkov, Vladimir"]
[Result "1-0"]
[WhiteElo "2465"]
[BlackElo "2265"]
[EventDate "1996.08.30"]
[PlyCount "49"]

1.c4 e5 2.g3 Nc6 3.Bg2 Nf6 4.Nc3 Bb4 5.Nd5 Nxd5 6.cxd5 Ne7 7.Nf3 Bd6 8.e4 
c6 9.d4 cxd5 10.dxe5 Bb4+ 11.Bd2 Bxd2+ 12.Nxd2 Qc7 13.O-O d4 14.f4 O-O 15.
Rc1 Nc6 16.Nc4 b5 17.Nd6 Qb6 18.Bh3 b4 19.Rf2 Na5 20.Nf5 Nc6 21.Qg4 g6 22.
Qg5 Re8 23.Nh6+ Kg7 24.Ng4 Qd8 25.Qh6+ 1-0

[Event "24th ECh U20"]
[Site "Siofok HUN"]
[Date "1996.??.??"]
[Round "3"]
[White "Sylvan, Jacob"]
[Black "Hausrath, Daniel"]
[Result "0-1"]
[WhiteElo "2285"]
[BlackElo "2440"]
[EventDate "1996.08.30"]
[PlyCount "94"]

1.e4 d6 2.d4 Nf6 3.Nc3 g6 4.Bg5 Bg7 5.e5 dxe5 6.dxe5 Qxd1+ 7.Rxd1 Nfd7 8.
f4 c6 9.Nf3 Nb6 10.Be2 Bg4 11.O-O N8d7 12.Rfe1 h6 13.Bh4 g5 14.Bg3 gxf4 
15.Bxf4 Bxf3 16.Bxf3 Nc4 17.e6 fxe6 18.Bh5+ Kd8 19.Ne4 b6 20.b3 Rf8 21.Bg3
Ne5 22.Nc5 bxc5 23.Bxe5 Bxe5 24.Rxe5 Rf5 25.Rxf5 exf5 26.Bf7 Kc7 27.Be6 
Nf6 28.Bxf5 e5 29.Rf1 Rd8 30.Bd3 Rd6 31.Rd1 e4 32.Be2 Rxd1+ 33.Bxd1 Kd6 
34.Kf2 Ke5 35.Ke3 Nd5+ 36.Kd2 Kd4 37.Bg4 Nc3 38.h4 Nxa2 39.Bf5 Nc3 40.g4 
e3+ 41.Ke1 Ke5 42.Bc8 Kf4 43.Bd7 a5 44.Bc8 c4 45.Bd7 cxb3 46.cxb3 c5 47.
Bc8 Nb5 0-1

[Event "24th ECh U20"]
[Site "Siofok HUN"]
[Date "1996.??.??"]
[Round "3"]
[White "Chekurov, Viacheslav"]
[Black "Lehmann, Zoltan"]
[Result "0-1"]
[WhiteElo "2425"]
[BlackElo "2285"]
[EventDate "1996.08.30"]
[PlyCount "54"]

1.e4 e6 2.d4 d5 3.Nc3 Nf6 4.Bg5 Bb4 5.e5 h6 6.Bd2 Bxc3 7.bxc3 Ne4 8.Qg4 g6
9.h4 c5 10.Nf3 Nc6 11.Bd3 Nxd2 12.Kxd2 cxd4 13.cxd4 Qc7 14.g3 Bd7 15.Qf4 
Rc8 16.Qf6 Rf8 17.Rab1 Nb4 18.h5 Qa5 19.Rxb4 Qxb4+ 20.Ke3 gxh5 21.Rxh5 Ba4
22.Rxh6 Bxc2 23.Bxc2 Rxc2 24.Rh8 Qa3+ 25.Kf4 Rxf2 26.Rxf8+ Qxf8 27.Ke3 
Rxa2 0-1

[Event "24th ECh U20"]
[Site "Siofok HUN"]
[Date "1996.??.??"]
[Round "3"]
[White "Maros, Milan"]
[Black "Petrov, Jole"]
[Result "1-0"]
[WhiteElo "2255"]
[BlackElo "2365"]
[EventDate "1996.08.30"]
[PlyCount "85"]

1.e4 Nf6 2.e5 Nd5 3.d4 d6 4.c4 Nb6 5.exd6 exd6 6.Nc3 Be7 7.h3 Nc6 8.Nf3 
Bf5 9.d5 Ne5 10.Nd4 Bd7 11.b3 Bf6 12.Be3 c6 13.dxc6 bxc6 14.Rc1 d5 15.cxd5
Nxd5 16.Nxd5 cxd5 17.Qd2 O-O 18.Be2 a5 19.O-O a4 20.Rc5 axb3 21.axb3 Be6 
22.f4 Nd7 23.Rc6 Bxd4 24.Bxd4 Bf5 25.Rd6 Be4 26.Rc1 Qe7 27.Rdc6 Rfd8 28.b4
Nf8 29.Bg4 Rab8 30.Rc8 f5 31.Rxd8 Qxd8 32.Be2 Ne6 33.b5 Qh4 34.Be5 Re8 35.
b6 Qg3 36.Bb5 Re7 37.Rc8+ Kf7 38.Rc7 d4 39.Rxe7+ Kxe7 40.Bc4 d3 41.b7 Ng5 
42.Qb4+ Kd7 43.Qd6+ 1-0

[Event "24th ECh U20"]
[Site "Siofok HUN"]
[Date "1996.??.??"]
[Round "3"]
[White "Delemarre, Jop"]
[Black "Barva, Attila"]
[Result "1/2-1/2"]
[WhiteElo "2360"]
[BlackElo "2250"]
[EventDate "1996.08.30"]
[PlyCount "87"]

1.d4 Nf6 2.c4 c5 3.d5 b5 4.cxb5 a6 5.b6 d6 6.Nc3 Nbd7 7.a4 Nxb6 8.a5 Nbd7 
9.e4 g6 10.f4 Bg7 11.Nf3 O-O 12.Bc4 Ne8 13.O-O Rb8 14.Qe2 Nc7 15.e5 Rb4 
16.Re1 Bb7 17.Qd3 Qa8 18.b3 Rd8 19.Ng5 Nf8 20.Bd2 dxe5 21.fxe5 h6 22.Nf3 
Nfe6 23.Rad1 Bc6 24.Nh4 Bb5 25.Rf1 Nxd5 26.Nxd5 Rxd5 27.Qxd5 Qxd5 28.Bxd5 
Rxh4 29.Rfe1 Nd4 30.g3 Rh5 31.Bf4 e6 32.Bg2 Rf5 33.Rxd4 cxd4 34.Be4 Rxe5 
35.Bxe5 Bxe5 36.Bd3 Bxg3 37.hxg3 Bxd3 38.Rd1 Bc2 39.Rxd4 Bxb3 40.Rb4 Bc2 
41.Rb6 Bd3 42.Rd6 Bc4 43.Rc6 Bd3 44.Rd6 1/2-1/2

[Event "24th ECh U20"]
[Site "Siofok HUN"]
[Date "1996.??.??"]
[Round "3"]
[White "Mchedlishvili, Mikheil"]
[Black "Schacher, Gerd"]
[Result "1-0"]
[WhiteElo "2370"]
[BlackElo "2235"]
[EventDate "1996.08.30"]
[PlyCount "43"]

1.Nf3 c5 2.e4 d6 3.d4 cxd4 4.Nxd4 Nf6 5.Nc3 a6 6.Bc4 e6 7.O-O b5 8.Bb3 Be7
9.Qf3 Qb6 10.Be3 Qb7 11.Qg3 Nbd7 12.f4 b4 13.Na4 Qxe4 14.Rae1 Bb7 15.Qh3 
Nd5 16.c3 Nxe3 17.Rxe3 Qg6 18.f5 Qxg2+ 19.Qxg2 Bxg2 20.Kxg2 e5 21.Nc6 bxc3
22.Nxc3 1-0

[Event "24th ECh U20"]
[Site "Siofok HUN"]
[Date "1996.??.??"]
[Round "3"]
[White "Kovacs, Gabor"]
[Black "Vasilev, Milen"]
[Result "1-0"]
[WhiteElo "2335"]
[BlackElo "2250"]
[EventDate "1996.08.30"]
[PlyCount "93"]

1.d4 d5 2.Nf3 Nf6 3.Bg5 e6 4.e3 Be7 5.Bd3 c5 6.c3 Nbd7 7.Nbd2 Qc7 8.O-O 
O-O 9.c4 cxd4 10.exd4 Nb6 11.c5 Nbd7 12.Qc2 Re8 13.Bh4 Nf8 14.Bg3 Qd8 15.
h3 a5 16.Ne5 Bd7 17.b3 Bc6 18.Ndf3 N6d7 19.Nxd7 Bxd7 20.a3 Qc8 21.b4 f6 
22.Rfc1 Rd8 23.b5 Be8 24.Qc3 Bg6 25.Be2 Bh5 26.Rab1 Bxf3 27.Qxf3 f5 28.b6 
Ng6 29.Bc7 Re8 30.Bb5 Rf8 31.c6 bxc6 32.Bxc6 Rb8 33.Qe2 Bxa3 34.Rc2 Rf6 
35.Bxb8 Qxb8 36.b7 Nf4 37.Qe5 Rf8 38.Qxb8 Rxb8 39.Bxd5 Bd6 40.Rc8+ Kf7 41.
Rxb8 Bxb8 42.Bf3 Nd3 43.Ra1 Ke7 44.Rxa5 Kd7 45.Rb5 h6 46.g3 g6 47.Kf1 1-0

[Event "24th ECh U20"]
[Site "Siofok HUN"]
[Date "1996.??.??"]
[Round "3"]
[White "Praet, Maarten"]
[Black "Antoniewski, Rafal"]
[Result "1-0"]
[WhiteElo "2235"]
[BlackElo "2350"]
[EventDate "1996.08.30"]
[PlyCount "129"]

1.e4 c5 2.c3 Nf6 3.e5 Nd5 4.d4 cxd4 5.Nf3 d6 6.cxd4 Nc6 7.exd6 e6 8.Nc3 
Bxd6 9.Bc4 Nb6 10.Bb3 a6 11.O-O O-O 12.Re1 h6 13.a3 Qc7 14.Qd3 Bd7 15.Ne4 
Rae8 16.Nxd6 Qxd6 17.Qe4 Nd5 18.Ne5 f5 19.Qd3 Bc8 20.Bxh6 Nf6 21.Nxc6 bxc6
22.Bd2 Ng4 23.Qg3 Qxd4 24.Bc3 Qb6 25.Ba2 Rf7 26.Rad1 Nf6 27.Bd4 c5 28.Be5 
Ne4 29.Qe3 Qb5 30.f3 Nf6 31.Bc3 Bd7 32.Qg5 Nh7 33.Qg6 Nf8 34.Qg3 Bc6 35.
Rd6 c4 36.Qf4 Bd5 37.Qd4 Rc8 38.Rb6 Qd7 39.Rxa6 Qb7 40.Rb6 Qd7 41.Bb4 Qa7 
42.Qe3 f4 43.Qf2 Nd7 44.Rd6 Qc7 45.Bb1 Rb8 46.Qh4 g5 47.Qxg5+ Rg7 48.Qxf4 
Rf8 49.Qd4 Bxf3 50.g3 e5 51.Qe3 Rf4 52.Rg6 Rxg6 53.Bxg6 Qc6 54.Be8 Rf5 55.
Bc3 Qe6 56.Bxd7 Qxd7 57.Bxe5 Bc6 58.Bd4 Kf7 59.Rf1 Rxf1+ 60.Kxf1 Qh3+ 61.
Ke1 Qxh2 62.Qf2+ Qxf2+ 63.Bxf2 Kf6 64.Kd2 Kf5 65.Kc3 1-0

[Event "24th ECh U20"]
[Site "Siofok HUN"]
[Date "1996.??.??"]
[Round "3"]
[White "Gabrielsen, Stig"]
[Black "Quinn, Mark"]
[Result "1/2-1/2"]
[WhiteElo "2225"]
[BlackElo "2350"]
[EventDate "1996.08.30"]
[PlyCount "81"]

1.e4 c5 2.Nf3 Nc6 3.d4 cxd4 4.Nxd4 g6 5.c4 Bg7 6.Be3 Nf6 7.Nc3 O-O 8.Be2 
b6 9.O-O Bb7 10.f3 Nh5 11.Nxc6 dxc6 12.Qxd8 Rfxd8 13.g4 Nf6 14.Rfd1 Ne8 
15.a4 c5 16.a5 Nd6 17.Rac1 f5 18.exf5 gxf5 19.Nd5 Bxd5 20.Rxd5 e6 21.Rd2 
fxg4 22.Rcd1 Nf7 23.fxg4 Rxd2 24.Rxd2 Rd8 25.Rxd8+ Nxd8 26.axb6 axb6 27.b4
cxb4 28.Bxb6 Nc6 29.Kf1 b3 30.c5 b2 31.Bd3 Bd4 32.Ke2 Ne5 33.Bb1 Nd7 34.
Kd3 Bxc5 35.Bxc5 Nxc5+ 36.Kc3 Nd7 37.Kxb2 Nf6 38.h3 Kg7 39.Kc3 e5 40.Bf5 
Nd5+ 41.Kd3 1/2-1/2

[Event "24th ECh U20"]
[Site "Siofok HUN"]
[Date "1996.??.??"]
[Round "3"]
[White "Del Rio Angelis, Salvador Gabriel"]
[Black "Moor, Roger"]
[Result "1-0"]
[WhiteElo "2325"]
[BlackElo "2240"]
[EventDate "1996.08.30"]
[PlyCount "61"]

1.d4 f5 2.g3 Nf6 3.Bg2 g6 4.Nh3 Bg7 5.Nf4 O-O 6.O-O d6 7.d5 c5 8.Nc3 Na6 
9.e4 Nc7 10.Re1 b5 11.exf5 Bxf5 12.Qe2 b4 13.Ne4 Nxe4 14.Bxe4 Qd7 15.Ne6 
Bxe6 16.dxe6 Qc8 17.Bxa8 Qxa8 18.Rb1 Bd4 19.Be3 Nxe6 20.c3 bxc3 21.bxc3 
Be5 22.Bh6 Rf6 23.Qc4 Kf7 24.Re3 d5 25.Qg4 Bc7 26.Rbe1 Qc6 27.Bg5 d4 28.
Re4 h5 29.Qh4 d3 30.Bxf6 d2 31.Bxe7 1-0

[Event "24th ECh U20"]
[Site "Siofok HUN"]
[Date "1996.??.??"]
[Round "3"]
[White "Mifsud, Timothy"]
[Black "Soln, Primoz"]
[Result "0-1"]
[WhiteElo "2230"]
[BlackElo "2330"]
[EventDate "1996.08.30"]
[PlyCount "68"]

1.e4 c5 2.Nf3 e6 3.d4 cxd4 4.Nxd4 a6 5.Bd3 g6 6.O-O Bg7 7.Nb3 d6 8.Nc3 Nc6
9.a4 b6 10.f4 Nf6 11.Be2 Qc7 12.Bf3 Nd7 13.Be3 O-O 14.Kh1 Bb7 15.Qd2 Rfd8 
16.f5 Nce5 17.fxe6 fxe6 18.Nd4 Re8 19.Be2 Nc4 20.Bxc4 Qxc4 21.Nde2 Nc5 22.
b3 Qb4 23.Qxd6 Bxe4 24.Na2 {[#]} 24...Bxg2+ 25.Kxg2 Qe4+ 26.Kf2 Rf8+ 27.
Bf4 Bxa1 28.Rxa1 Rad8 29.Nac3 Qxc2 30.Ra2 Rxd6 31.Rxc2 e5 32.Kg3 Rd3+ 33.
Kg4 exf4 34.b4 Nd7 0-1

[Event "24th ECh U20"]
[Site "Siofok HUN"]
[Date "1996.??.??"]
[Round "3"]
[White "Luukkonen, Tommi"]
[Black "Prohl, Holger"]
[Result "0-1"]
[WhiteElo "2130"]
[BlackElo "2400"]
[EventDate "1996.08.30"]
[PlyCount "56"]

1.e4 e6 2.d4 d5 3.Nc3 Nf6 4.e5 Nfd7 5.f4 c5 6.Nf3 Nc6 7.Be3 cxd4 8.Nxd4 
Qb6 9.a3 a6 10.Qd2 Qc7 11.O-O-O Be7 12.h4 b5 13.f5 Ndxe5 14.Bf4 Qb6 15.Qe1
Nxd4 16.Rxd4 Qxd4 17.Bxe5 Qg4 18.Be2 Qxf5 19.g4 Qg6 20.Qg3 f6 21.h5 Qg5+ 
22.Bf4 Bd6 23.Nxd5 Bxf4+ 24.Nxf4 e5 25.Qg2 Qxf4+ 26.Kb1 e4 27.Rf1 Qe5 28.
g5 f5 0-1

[Event "24th ECh U20"]
[Site "Siofok HUN"]
[Date "1996.??.??"]
[Round "3"]
[White "Gelbmann, Norbert"]
[Black "Avdic, Adnan"]
[Result "1-0"]
[WhiteElo "2300"]
[BlackElo "2090"]
[EventDate "1996.08.30"]
[PlyCount "109"]

1.e4 c5 2.Nf3 d6 3.d4 cxd4 4.Nxd4 Nf6 5.Nc3 a6 6.Bc4 e6 7.Bb3 Nbd7 8.f4 
Nc5 9.e5 dxe5 10.fxe5 Nxb3 11.axb3 Nd5 12.O-O Nxc3 13.bxc3 Bc5 14.Qg4 g6 
15.Bg5 Qc7 16.Bf6 h5 17.Qf4 Rh7 18.Kh1 Bd7 19.Nf3 h4 20.Ng5 Rh5 21.Nxf7 h3
22.Ng5 hxg2+ 23.Kxg2 Bc6+ 24.Kg3 Bf8 25.Bd8 Bh6 26.Bxc7 Rxg5+ 27.Qxg5 Bxg5
28.Bd6 Be7 29.Bxe7 Kxe7 30.Rf4 Rd8 31.Raf1 Be8 32.Rc4 Bc6 33.Rf6 Rd2 34.
Rf2 Rd5 35.Kf4 g5+ 36.Kxg5 Rxe5+ 37.Kg4 Re1 38.h4 Rg1+ 39.Kf4 Bd5 40.Rd4 
Kf6 41.c4 Bc6 42.Rd6 Rh1 43.Re2 Rxh4+ 44.Kg3 Re4 45.Rxe4 Bxe4 46.Kf4 Bxc2 
47.Rb6 a5 48.c5 a4 49.b4 a3 50.Rxb7 e5+ 51.Ke3 Bb3 52.Ra7 a2 53.b5 Ke6 54.
b6 Bd5 55.Rxa2 1-0

[Event "24th ECh U20"]
[Site "Siofok HUN"]
[Date "1996.??.??"]
[Round "4"]
[White "Nisipeanu, Liviu-Dieter"]
[Black "Parker, Jonathan"]
[Result "1/2-1/2"]
[WhiteElo "2500"]
[BlackElo "2470"]
[EventDate "1996.08.30"]
[PlyCount "72"]

1.e4 e5 2.Nf3 Nc6 3.Bc4 Bc5 4.O-O Nf6 5.d3 d6 6.c3 O-O 7.Bb3 a6 8.h3 Ba7 
9.Re1 Be6 10.Bc2 d5 11.exd5 Qxd5 12.Qe2 Rae8 13.Nbd2 h6 14.Ne4 Nxe4 15.
dxe4 Qd8 16.Nh2 Qh4 17.Nf1 Bc4 18.Qf3 Bxf1 19.Rxf1 Re6 20.Be3 Rf6 21.Qe2 
Bxe3 22.Qxe3 Qf4 23.Qe2 Rd8 24.Rad1 Rfd6 25.Rxd6 Rxd6 26.Rd1 Qf6 27.Bb3 
Na5 28.Bd5 c6 29.Bxf7+ Kxf7 30.Rxd6 Qxd6 31.b4 Qd8 32.g3 Kg8 33.bxa5 Qxa5 
34.Qc4+ Kh7 35.Kg2 Qa3 36.h4 a5 1/2-1/2

[Event "24th ECh U20"]
[Site "Siofok HUN"]
[Date "1996.??.??"]
[Round "4"]
[White "Zulfugarli, Mahomed"]
[Black "Diachkov, Sergei"]
[Result "1/2-1/2"]
[WhiteElo "2325"]
[BlackElo "2515"]
[EventDate "1996.08.30"]
[PlyCount "66"]

1.e4 e6 2.d4 d5 3.Nc3 Bb4 4.e5 Ne7 5.a3 Bxc3+ 6.bxc3 c5 7.Nf3 Bd7 8.Be2 
Ba4 9.O-O Qc7 10.Rb1 Nd7 11.Bg5 Ng6 12.h4 f6 13.h5 fxg5 14.hxg6 h6 15.c4 
Bc6 16.cxd5 Bxd5 17.c4 Be4 18.Bd3 Bxd3 19.Qxd3 O-O-O 20.Qe4 Rhf8 21.d5 Rf4
22.Qe3 Nb6 23.dxe6 Nxc4 24.Qc3 g4 25.g3 Re4 26.Rfe1 Qc6 27.e7 Re8 28.Qd3 
Rxe1+ 29.Nxe1 Nxe5 30.Qf5+ Nd7 31.Qf7 Ne5 32.Qf5+ Nd7 33.Qf7 Ne5 1/2-1/2

[Event "24th ECh U20"]
[Site "Siofok HUN"]
[Date "1996.??.??"]
[Round "4"]
[White "Quinn, Mark"]
[Black "Shariazdanov, Andrei"]
[Result "0-1"]
[WhiteElo "2350"]
[BlackElo "2470"]
[EventDate "1996.08.30"]
[PlyCount "116"]

1.c4 Nf6 2.g3 c5 3.Bg2 d5 4.Nf3 d4 5.d3 Nc6 6.O-O g6 7.e3 Bg7 8.exd4 cxd4 
9.a3 a5 10.Re1 Nd7 11.Nbd2 O-O 12.Rb1 Nc5 13.Nb3 Nxb3 14.Qxb3 Bd7 15.Qc2 
Rc8 16.Bd2 h6 17.b4 axb4 18.axb4 b5 19.Qb3 Rb8 20.Bf4 bxc4 21.Qxc4 Rc8 22.
Qd5 e6 23.Qb3 Ne7 24.Rbc1 Nd5 25.Bd2 Rxc1 26.Rxc1 Qb6 27.Rc4 Rb8 28.h3 Bb5
29.Rc5 Qa6 30.Ne1 Nc3 31.Kh2 Bf8 32.Bf4 Rd8 33.Rc7 Nd5 34.Bxd5 Rxd5 35.h4 
g5 36.hxg5 hxg5 37.Bd2 Bd6 38.Rc2 g4 39.Ng2 Rh5+ 40.Kg1 Qb7 41.Qb2 e5 42.
Qc1 Qf3 43.Nh4 Qxd3 44.Bg5 Kg7 45.Rc8 Bxb4 46.Bh6+ Kh7 47.Bg5 Kg7 48.Bh6+ 
Kh7 49.Bg5 Be1 50.Qxe1 Rxg5 51.Rc5 Qe2 52.Qc1 Rh5 53.Rc7 Kg7 54.Rc8 Bd3 
55.Re8 Be4 56.Rb8 Bd5 57.Rb6 Qe4 58.Nf5+ Qxf5 0-1

[Event "24th ECh U20"]
[Site "Siofok HUN"]
[Date "1996.??.??"]
[Round "4"]
[White "Szuk, Balazs"]
[Black "Ruck, Robert"]
[Result "1/2-1/2"]
[WhiteElo "2350"]
[BlackElo "2465"]
[EventDate "1996.08.30"]
[PlyCount "33"]

1.e4 c6 2.d4 d5 3.Nc3 dxe4 4.Nxe4 Nd7 5.Bc4 Ngf6 6.Nxf6+ Nxf6 7.c3 Qc7 8.
Qf3 Bg4 9.Qg3 Qxg3 10.hxg3 e6 11.f3 Bf5 12.Ne2 Nd5 13.g4 Bg6 14.Nf4 Nxf4 
15.Bxf4 Kd7 16.Ke2 Bd6 17.Bxd6 1/2-1/2

[Event "24th ECh U20"]
[Site "Siofok HUN"]
[Date "1996.??.??"]
[Round "4"]
[White "Gyimesi, Zoltan"]
[Black "Soln, Primoz"]
[Result "1-0"]
[WhiteElo "2480"]
[BlackElo "2330"]
[EventDate "1996.08.30"]
[PlyCount "87"]

1.d4 d5 2.c4 e6 3.Nc3 c6 4.cxd5 exd5 5.Bf4 Bd6 6.Bxd6 Qxd6 7.e3 Bf5 8.Nge2
Ne7 9.Ng3 Bg6 10.h4 h6 11.h5 Bh7 12.Bd3 Bxd3 13.Qxd3 Nd7 14.O-O-O O-O-O 
15.Kb1 Nf6 16.Rc1 Kb8 17.Na4 b6 18.Rc3 Rd7 19.Rhc1 Rc8 20.R3c2 Rb7 21.Nc3 
Rbc7 22.Nce2 Ne8 23.Ng1 Qe6 24.Nf3 Nd6 25.Ne2 Qe4 26.Nf4 Kb7 27.Ne5 f6 28.
Qxe4 dxe4 29.Nc4 Nxc4 30.Rxc4 Nd5 31.Ne6 Rd7 32.g3 f5 33.b4 Rd6 34.Nf4 
Nxf4 35.gxf4 a6 36.a4 g5 37.fxg5 hxg5 38.b5 axb5 39.axb5 c5 40.dxc5 Rd5 
41.Rd4 Rcxc5 42.Rxc5 Rxc5 43.Rd7+ Kb8 44.h6 1-0

[Event "24th ECh U20"]
[Site "Siofok HUN"]
[Date "1996.??.??"]
[Round "4"]
[White "Ponomariov, Ruslan"]
[Black "Maros, Milan"]
[Result "1-0"]
[WhiteElo "2550"]
[BlackElo "2255"]
[EventDate "1996.08.30"]
[PlyCount "125"]

1.e4 e5 2.Nf3 Nf6 3.Nc3 Nc6 4.Bb5 Nd4 5.Ba4 Nxf3+ 6.Qxf3 c6 7.d3 d6 8.h3 
Be6 9.g4 Be7 10.Be3 d5 11.g5 dxe4 12.dxe4 Nd7 13.h4 Nc5 14.Bb3 Bxb3 15.
axb3 Qd6 16.Bxc5 Qxc5 17.O-O-O b5 18.Qf5 O-O 19.Rd7 Rad8 20.Rhd1 g6 21.Qg4
Rxd7 22.Rxd7 Rd8 23.Rxd8+ Bxd8 24.Qd7 Ba5 25.Nd1 Qd4 26.Qe8+ Kg7 {[#]} 27.
b4 Bb6 28.Qxc6 Qxb4 29.Qf6+ Kg8 30.Qxe5 Qe1 31.Qf4 Qe2 32.Qb8+ Kg7 33.Qe5+
Kg8 34.Qe8+ Kg7 35.Qe5+ Kg8 36.b3 Bxf2 37.Nxf2 Qxf2 38.Qxb5 Qe1+ 39.Kb2 
Qxe4 40.c4 Qxh4 41.Qe8+ Kg7 42.Qe5+ Kg8 43.c5 Qf2+ 44.Kc3 Qf3+ 45.Kc4 Qf1+
46.Kb4 Qf2 47.c6 Qb6+ 48.Qb5 Qd4+ 49.Ka5 Qa1+ 50.Qa4 Qe5+ 51.Ka6 Qxg5 52.
Kb7 Qc5 53.c7 Qb6+ 54.Kc8 a5 55.Qe4 Qb5 56.Kd8 Qb6 57.Kd7 Qb5+ 58.Kd6 Qb6+
59.Qc6 Qd4+ 60.Qd5 Qb4+ 61.Kc6 Qc3+ 62.Kb7 Qb4+ 63.Ka8 1-0

[Event "24th ECh U20"]
[Site "Siofok HUN"]
[Date "1996.??.??"]
[Round "4"]
[White "Hausrath, Daniel"]
[Black "Savic, Miodrag"]
[Result "0-1"]
[WhiteElo "2440"]
[BlackElo "2345"]
[EventDate "1996.08.30"]
[PlyCount "140"]

1.d4 Nf6 2.Nf3 e6 3.Bg5 Be7 4.Nbd2 d5 5.e3 c5 6.c3 Nbd7 7.Bd3 h6 8.Bh4 O-O
9.O-O b6 10.Ne5 Nxe5 11.dxe5 Nd7 12.Bxe7 Qxe7 13.f4 Bb7 14.Nf3 Rfd8 15.Qe1
Nf8 16.Rd1 a5 17.Bc2 Rac8 18.Bb1 a4 19.Qg3 Rc7 20.Rf2 a3 21.b3 b5 22.Rfd2 
Rdc8 23.h4 d4 24.exd4 cxd4 25.cxd4 Bd5 26.h5 Rc3 27.Bd3 Qb4 28.Kh2 Kh8 29.
Qg4 Rc1 30.Nh4 Rxd1 31.Rxd1 Qe7 32.f5 Qg5 33.Qxg5 hxg5 34.Nf3 g4 35.Ng5 
exf5 36.Bxf5 Rc3 37.Be4 Be6 38.g3 Kg8 39.Rd2 Re3 40.Bc6 b4 41.Nxe6 Nxe6 
42.d5 Nd8 43.Bd7 Rxe5 44.Bxg4 f5 45.Bf3 Re1 46.Rc2 Nf7 47.Kg2 Rb1 48.Kf2 
Rb2 49.Bd1 Nd6 50.Ke3 Ne4 51.Rc4 Rxa2 52.Rxb4 Ra1 53.Be2 a2 54.Ra4 Nc3 55.
Ra8+ Kf7 56.Bc4 Re1+ 57.Kd2 a1=Q 58.Rxa1 Rxa1 59.Kxc3 Rg1 60.Kd4 Rxg3 61.
Ke5 Rg5 62.d6+ Ke8 63.Be2 Kd7 64.Kf4 Rg2 65.Bb5+ Ke6 66.d7 Rg4+ 67.Ke3 Ke7
68.Bd3 Rg3+ 69.Kd4 f4 70.Be4 Rxb3 0-1